Games and simulations in online learning : research and development frameworks

Αποθηκεύτηκε σε:
Λεπτομέρειες βιβλιογραφικής εγγραφής
Κύριος συγγραφέας: Gibson, David
Άλλοι συγγραφείς: Aldrich, Clark 1967-, Prensky, Marc
Μορφή: Βιβλίο
Γλώσσα:English
Δημοσίευση: Hersey ; London : Information Science, [2007]
Θέματα:
Ετικέτες: Προσθήκη ετικέτας
Δεν υπάρχουν, Καταχωρήστε ετικέτα πρώτοι!

MARC

LEADER 00000nam a2200000 i 4500
001 1/80970
008 080408s2007 eng d
020 |a 1-59904-304-1 (hbk.) 
035 |l 10096354 
040 |a GR-MY-UA  |b gre  |e aacr 
041 0 |a eng 
082 0 |a 371.334  |2 (22) 
100 1 |a Gibson, David. 
245 1 0 |a Games and simulations in online learning :  |b research and development frameworks /  |c David Gibson, Clark Aldrich, Marc Prensky 
260 |a Hersey ; London :   |b Information Science,   |c [2007] 
300 |a xv, 402 σ.;  |c 26 εκ. 
504 |a Περιλαμβάνει βιβλιογραφίες και ευρετήριο 
650 0 0 |a Education  |x Simulation methods. 
650 0 0 |a Computer games. 
650 0 0 |a Computer-assisted instruction. 
700 1 |a Aldrich, Clark  |d 1967- 
700 1 |a Prensky, Marc. 
852 |a INST  |b RHODES  |e 20080408  |h 371.334 GIB  |p 005400029371  |q 005400029371  |t BK  |y 0 
901 |a BIBL4-2008-1 
909 |a Ρ  |b 151949 
922 |a 4ΕΛΗ  |b 200803  |c ΕΠΕΑΕΚ2/ΤΕΠΑΕΣ  |d ΕΛΕΥΘΕΡΟΥΔΑΚΗΣ 
970 |a ΧΑΡΙΟΠΟΛΙΤΟΥ  |b ΚΩΝΣΤΑΝΤΙΝΑ  |z 2008/04/08